Inscriptiones Hispaniae Christianae / (Record no. 155637)

MARC details
000 -LEADER
campo de control de longitud fija 00676nam a22001935i 4500
001 - NÚMERO DE CONTROL
campo de control 155637
003 - IDENTIFICADOR DE NÚMERO DE CONTROL
campo de control ES-MaACL
005 - FECHA Y HORA DE LA ÚLTIMA TRANSACCIÓN
campo de control 20251004063204.0
008 - DATOS DE LONGITUD FIJA--INFORMACIÓN GENERAL
campo de control de longitud fija 940202s1871 ale |||| | lat d
040 ## - FUENTE DE CATALOGACIÓN
Centro catalogador/agencia de origen BA
Lengua de catalogación cast
100 1# - ENTRADA PRINCIPAL--NOMBRE DE PERSONA
Nombre de persona Hübner, Emil,
Fechas asociadas al nombre 1834-1901
9 (RLIN) 128127
245 10 - MENCIÓN DEL TÍTULO
Título Inscriptiones Hispaniae Christianae /
Mención de responsabilidad, etc. edidit Aemilius Hübner ; adiecta est tabula geographica.
260 ## - PUBLICACIÓN, DISTRIBUCIÓN, ETC.
Lugar de publicación, distribución, etc. Berolini :
Nombre del editor, distribuidor, etc. apud Gregorium Reimerum,
Fecha de publicación, distribución, etc. 1871.
300 ## - DESCRIPCIÓN FÍSICA
Extensión XV, 120 p., [1] h. de mapas pleg. :
Otras características físicas il. ;
Dimensiones 32 cm.
500 ## - NOTA GENERAL
Nota general Palau, 116568.
650 04 - PUNTO DE ACCESO ADICIONAL DE MATERIA--TÉRMINO DE MATERIA
Término de materia o nombre geográfico como elemento de entrada Inscripciones latinas-
Subdivisión geográfica España.
9 (RLIN) 13821
852 ## - LOCALIZACIÓN
Ubicación ES-MaACL
Número de control de estantería C-42156
Nota libre -- Enc. hol.
Holdings
Estatus retirado Estado de pérdida Estado de daño No para préstamo Colección Biblioteca de origen Biblioteca actual Ubicación en estantería Fecha de adquisición Fuente de adquisición Total de préstamos Signatura topográfica completa Código de barras Visto por última vez Precio de reemplazo Tipo de ítem Koha
        Libros del s. XIX Biblioteca del Ateneo de Madrid Biblioteca del Ateneo de Madrid Depósito 2 17/01/2008     C-42156 1162799 23/02/2023 23/02/2023 Libro impreso antiguo